[Event "Masson op"]
[Site "Masson"]
[Date "1993.04.17"]
[Round "1"]
[White "Stewart, Richard"]
[Black "Maisonneuve, Paul"]
[Result "1-0"]
[WhiteElo "1994"]
[BlackElo "1604"]
[PlyCount "39"]
[EventDate "1993.04.17"]
[EventType "swiss"]
[EventRounds "5"]
[EventCountry "CAN"]
[SourceTitle "EXT 2022"]
[Source "ChessBase"]
[SourceDate "2021.10.06"]
[SourceVersion "1"]
[SourceVersionDate "2021.10.06"]
[SourceQuality "1"]

1. Nf3 Nf6 2. g3 Nc6 3. Bg2 b6 4. 0-0 Bb7 5. d3 e6 6. Nbd2 Be7 7. e4 d6 8. c3 Ba6 9. Qa4 Bb7 10. d4 0-0 11. Qc2 Na5 12. b4 Nc6 13. Re1 Rc8 14. a3 Nb8 15. c4 c5 16. bxc5 dxc5 17. d5 Qd6 18. e5 Qd7 19. dxe6 Qxe6 20. Ng5 1-0